The world of mathematics edited by James R. Newman.
Αποθηκεύτηκε σε:
| Άλλοι συγγραφείς: | |
|---|---|
| Μορφή: | Βιβλίο |
| Γλώσσα: | English |
| Δημοσίευση: |
Mineola, N.Y. :
Dover Publications,
2000.
|
| Θέματα: | |
| Ετικέτες: |
Προσθήκη ετικέτας
Δεν υπάρχουν, Καταχωρήστε ετικέτα πρώτοι!
|
MARC
| LEADER | 00000nam a2200000 a 4500 | ||
|---|---|---|---|
| 001 | 1/109828 | ||
| 008 | 160204s2000####nyu| ||| |||||||eng|| | ||
| 020 | |a 0486411532 | ||
| 020 | |a 0486411508 | ||
| 040 | |a GR-MyUa |b gre |c GR-MyUa |e AACR2 | ||
| 041 | 0 | |a eng | |
| 082 | 7 | |a 510 |2 (23) | |
| 245 | 1 | 3 | |a The world of mathematics / |b edited by James R. Newman. |
| 260 | |a Mineola, N.Y. : |b Dover Publications, |c 2000. | ||
| 300 | |a 2 τ. : |b σχέδια, εικ. ; |c 22 εκ. | ||
| 504 | |a Περιέχουν ευρετήρια. | ||
| 505 | 8 | |a T. 1. pts I-IV General survey, Historical and biographical, Arithmetic numbers and the art of counting, Mathematics of space and motion -- τ. 2. pts V-VII Mathematics and the physical world, Mathematics and social science, The laws of chance. | |
| 650 | 0 | |a Mathematics. | |
| 700 | 1 | |a Newman, James R. |q (James Roy) |d 1907-1966. | |
| 852 | |a INST |b SAMOS |e 20160204 |h 510 WOR |p 005300043312 |q 005300043312 |t BK |v τομ.1: |y 0 | ||
| 852 | |a INST |b SAMOS |e 20160204 |h 510 WOR |p 005300043313 |q 005300043313 |t BK |v τομ.2: |y 0 | ||
| 853 | |a INST |b SAMOS |h 510 WOR | ||
| 922 | |a 3ΕΛΗ |b 201601 |c Τμήμα Μαθηματικών/Μεταπτυχιακό |d Διαδρομές | ||
| 970 | |a Κοσιέρης |b Χρήστος |z 04-02-2016 | ||